| 000 | 00000cam 2200000zi 4500 |
| 001 | 9.557512 |
| 003 | CaOODSP |
| 005 | 20210624171927 |
| 007 | cr ||||||||||| |
| 008 | 150406s2001||||xxc|||||o f|0| 0 eng d |
| 020 | |a0-660-18344-7 |
| 022 | |a1205-9153 |
| 040 | |aCaOODSP|beng |
| 043 | |an-cn--- |
| 086 | 1 |aCS11-0019/158E-PDF |
| 100 | 1 |aGrawe, Nathan D., |eauthor. |
| 245 | 00|aIn search of intergenerational credit constraints among Canadian men : |bquantile versus mean regression tests for binding credit constraints / |cby Nathan D. Grawe. |
| 260 | |aOttawa, Ontario : |bStatistics Canada, |cJanuary 2001. |
| 300 | |a1 online resource (28 pages) : |bgraphs, references, tables. |
| 336 | |atext|btxt|2rdacontent |
| 337 | |acomputer|bc|2rdamedia |
| 338 | |aonline resource|bcr|2rdacarrier |
| 490 | 1 |aAnalytical Studies Branch research paper series ; |x1205-9153|vNo. 158 |
| 500 | |aThe catalogue number (11F0019MPE) and ISSN (1200-5223) for the print edition have been incorrectly copied in this electronic publication. |
| 590 | |a12-34-Supp|b2012-07-31 |
| 710 | 2 |aStatistics Canada, |eissuing body. |
| 775 | 08|tÀ la recherche des contraintes intergénérationnelles d'emprunt chez les hommes canadiens : |w(CaOODSP)9.590767 |
| 776 | 0#|tIn search of intergenerational credit constraints among Canadian men : |w(CaOODSP)9.615391 |
| 830 | #0|aResearch paper series (Statistics Canada. Analytical Studies Branch)|x1205-9153|vNo. 158|w(CaOODSP)9.504421 |
| 856 | 40|ahttp://publications.gc.ca|qPDF|s115 KB|uhttps://publications.gc.ca/collections/collection_2012/statcan/11f0019m/11f0019m2001158-eng.pdf|yNo. 158 |